| 000 | 00730nam a22002297a 4500 | ||
|---|---|---|---|
| 999 |
_c4034 _d4034 |
||
| 001 | 17983 | ||
| 003 | BD-DhUAP | ||
| 005 | 20200316162707.0 | ||
| 008 | 200316s2003 enkab bf 001 0 eng | ||
| 020 | _a052182348X | ||
| 020 | _a0521530334 (pbk.) | ||
| 040 |
_aDLC _cDLC _dBD-DhUAP _bEng |
||
| 082 | 0 | 0 |
_223 _a423 CRY |
| 100 | 1 | _aCrystal, David. | |
| 245 | 1 | 4 |
_aThe Cambridge encyclopedia of the English language / _cDavid Crystal. |
| 250 | _a2nd ed. | ||
| 260 |
_aNew York : _bCambridge University Press, _cc2003. |
||
| 300 |
_avii, 499 pages : _billustrations ; _c29 cm. |
||
| 504 | _aIncludes bibliographical references (p. [477]-479) and indexes. | ||
| 650 | 0 |
_aEnglish language _vHandbooks, manuals, etc. |
|
| 942 |
_2ddc _cBK |
||